• 首页
  • 本馆介绍
  • 公告通知
  • 最新文献
  • 馆藏检索
  • 电子资源
  • 读者导购
  • 参考咨询
  • 我的图书馆
  • 登录
  • 详细信息显示
  • 放入我的书架
  • 预约/预借图书
  • 作者相关作品
  • 分类相关作品
  • 丛书相关作品
  • 出版社相关作品

书目信息

  • 表格格式
  • 工作单格式
  • 卡片格式
题名:
对外传播理论与实务论集
    
 
作者: 郭光华 , 侯迎忠 主编
分册:  
出版信息: 北京   人民出版社  2013
页数: 242页
开本: 23cm
丛书名: 全球化与国际传播研究丛书
单 册:
中图分类: G219.26-53
科图分类:
主题词: 中外关系--Zhong Wai Guan Xi--传播学--文集
电子资源:
ISBN: 978-7-01-011477-4
000 01231nam0 22002771 450
001 350164
005 20161010091518.46
010    @a978-7-01-011477-4@dCNY39.00
100    @a20130528d2013 em y0chiy50 ea
101 0  @achi
102    @aCN@b110000
105    @ay z 000yy
106    @ar
200 1  @a对外传播理论与实务论集@ADui Wai Chuan Bo Li Lun Yu Shi Wu Lun Ji@e基于全球化的视野@f郭光华,侯迎忠主编
210    @a北京@c人民出版社@d2013
215    @a242页@d23cm
225 2  @a全球化与国际传播研究丛书@AQuan Qiu Hua Yu Guo Ji Chuan Bo Yan Jiu Cong Shu@f杨魁,侯迎忠主编
330    @a本书是对近年来公开发表的有关全球化背景下我国对外传播发展进程、理论体系构建以及实务操作等方面的有代表性的研究成果进行梳理,并依据我国对外传播史论、国际传播与对外传播策略、政府对外传播、国家形象与城市形象传播、中西比较研究等几大主题进行归纳整理。
461  0 @12001 @a全球化与国际传播研究丛书@f杨魁,侯迎忠主编
517 1  @a基于全球化的视野@AJi Yu Quan Qiu Hua De Shi Ye
606 0  @a中外关系@AZhong Wai Guan Xi@x传播学@j文集
690    @aG219.26-53@v5
701  0 @a郭光华@AGuo Guang Hua@f(1955~)@4主编
701  0 @a侯迎忠@AHou Ying Zhong@f(1966~)@4主编
801  0 @aCN@bTANGWEI@c20160803
905    @b0888645-9@dG219.26-53@e645@f5
    
    对外传播理论与实务论集:基于全球化的视野/郭光华,侯迎忠主编.-北京:人民出版社,2013
    242页;23cm.-(全球化与国际传播研究丛书/杨魁,侯迎忠主编)
    
    
    ISBN 978-7-01-011477-4:CNY39.00
    本书是对近年来公开发表的有关全球化背景下我国对外传播发展进程、理论体系构建以及实务操作等方面的有代表性的研究成果进行梳理,并依据我国对外传播史论、国际传播与对外传播策略、政府对外传播、国家形象与城市形象传播、中西比较研究等几大主题进行归纳整理。
●
相关链接 在E读中查询图书 在五车中查询图书 在当当中查询图书 在豆瓣中查询图书


正题名:对外传播理论与实务论集     索取号:G219.26-53/645         预约/预借

序号 登录号 条形码 馆藏地/架位号 状态 备注
1 0888645   208886455   第一样本阅览室/ [索取号:G219.26-53/645] 在馆    
2 0888646   208886464   第四借阅区/ [索取号:G219.26-53/645] 在馆    
3 0888647   208886473   第四借阅区/ [索取号:G219.26-53/645] 在馆    
4 0888648   208886482   第四借阅区/ [索取号:G219.26-53/645] 在馆    
5 0888649   208886491   第四借阅区/ [索取号:G219.26-53/645] 在馆    
唐山师范学院图书馆 欢迎您!
大连网信软件有限公司© 版权所有